Japan AFC Asian Cup 2019 Squad - Statistics

General Stats
  • This quiz has been taken 21 times
  • The average score is 15 of 24
Answer Stats
Position Player % Correct
MF Ritsu Dōan
91%
GK Shūichi Gonda
91%
MF Takumi Minamino
91%
Manager Hajime Moriyasu
82%
DF Hiroki Sakai
82%
DF Maya Yoshida
82%
DF Takehiro Tomiyasu
82%
DF Yuto Nagatomo
82%
GK Daniel Schmidt
73%
MF Genki Haraguchi
73%
MF Wataru Endo
73%
FW Yuya Osako
73%
MF Takashi Inui
64%
MF Gaku Shibasaki
55%
DF Tomoaki Makino
55%
MF Junya Ito
45%
GK Masaaki Higashiguchi
45%
DF Sho Sasaki
45%
MF Toshihiro Aoyama
45%
DF Sei Muroya
36%
DF Tsukasa Shiotani
36%
DF Genta Miura
27%
FW Koya Kitagawa
27%
FW Yoshinori Muto
27%
No matching quizzes found
Score Distribution
Percent of People with Each Score
Percentile by Number Answered
Your Score History
You have not taken this quiz